Detalles MARC
| 000 -LEADER |
| fixed length control field |
01337nam a2200265 a 4500 |
| 001 - CONTROL NUMBER |
| control field |
00170 |
| 003 - CONTROL NUMBER IDENTIFIER |
| control field |
DO-SdBNP |
| 005 - DATE AND TIME OF LATEST TRANSACTION |
| control field |
20160411093041.0 |
| 007 - PHYSICAL DESCRIPTION FIXED FIELD--GENERAL INFORMATION |
| fixed length control field |
00170 |
| 008 - FIXED-LENGTH DATA ELEMENTS--GENERAL INFORMATION |
| fixed length control field |
091118s20uu dr 20u 000 0 spa d |
| 040 ## - CATALOGING SOURCE |
| Original cataloging agency |
BPMSU |
| Language of cataloging |
spa |
| Transcribing agency |
BPMSU |
| 092 ## - LOCALLY ASSIGNED DEWEY CALL NUMBER (OCLC) |
| Classification number |
xxxx |
| 100 1# - MAIN ENTRY--PERSONAL NAME |
| Personal name |
Bonilla, Santiago |
| 245 10 - TITLE STATEMENT |
| Title |
Manual de lengua española : |
| Remainder of title |
ortografía y redacción (teoría y prácticas ) / |
| Statement of responsibility, etc. |
Santiago Bonilla. |
| 260 ## - PUBLICATION, DISTRIBUTION, ETC. (IMPRINT) |
| Place of publication, distribution, etc. |
Santo Domingo : |
| Name of publisher, distributor, etc. |
Búho, |
| Date of publication, distribution, etc. |
[200?]. |
| 300 ## - PHYSICAL DESCRIPTION |
| Extent |
275 p. ; |
| Dimensions |
28 cm. |
| 500 ## - GENERAL NOTE |
| General note |
Incluye datos biografícos en la contraportada |
| 504 ## - BIBLIOGRAPHY, ETC. NOTE |
| Bibliography, etc |
Bibliografía p. 273-275 |
| 505 0# - FORMATTED CONTENTS NOTE |
| Miscellaneous information |
unidad 1 -- |
| Title |
La palabra y su estructura -- |
| Miscellaneous information |
unidad 2 -- |
| Title |
La oración y la concordancia -- |
| Miscellaneous information |
unidad 3 -- |
| Title |
Los signos de apuntación -- |
| Miscellaneous information |
unidad 4 -- |
| Title |
El parrafo y su estructura -- |
| Miscellaneous information |
unidad 5 -- |
| Title |
El resumen -- |
| Miscellaneous information |
unidad 6 -- |
| Title |
La acentuación; reglas y carateristicas de su unso -- |
| Miscellaneous information |
unidad 7 -- |
| Title |
La comunicación |
| Miscellaneous information |
unidad 8 -- |
| Title |
Los tipos de lengua -- |
| Miscellaneous information |
unidad 9 -- |
| Title |
Los niveles de lengua -- |
| Miscellaneous information |
unidad 10 -- |
| Title |
Las funciones de la lengua -- |
| Miscellaneous information |
unidad 11 -- |
| Title |
Historia del español -- |
| Miscellaneous information |
unidad 12 -- |
| Title |
Lenguaje, lengua y habla -- |
| 930 #1 - EQUIVALENCE OR CROSS-REFERENCE-UNIFORM TITLE HEADING [LOCAL, CANADA] |
| Language of a work |
BND01 |
| Medium of performance for music |
LF1 |
| Field link and sequence number |
20091118 |
| Date of a work |
01 |
| Name of part/section of a work |
HD |
| Miscellaneous information |
7839 |
| 942 ## - ADDED ENTRY ELEMENTS (KOHA) |
| Source of classification or shelving scheme |
Dewey Decimal Classification |
| Koha item type |
Libros |
| 956 ## - LOCAL ELECTRONIC LOCATION AND ACCESS (OCLC) |
| Host name |
YLOCKWARD |
| Access number |
10 |
| Compression information |
20150806 |
| Logon |
BND01 |
| Processor of request |
1404 |
| 956 ## - LOCAL ELECTRONIC LOCATION AND ACCESS (OCLC) |
| Host name |
VMATEO |
| Access number |
10 |
| Compression information |
20150811 |
| Logon |
BPMSU |
| Processor of request |
00151 |
| 956 ## - LOCAL ELECTRONIC LOCATION AND ACCESS (OCLC) |
| Host name |
BTAVÁREZ |
| Access number |
10 |
| Compression information |
20160411 |
| Logon |
00170 |